000 00835nam a22002297a 4500
999 _c12566
_d12566
003 AR-CdUCM
008 190409b ||||| |||| 00| 0 spa d
040 _aMUNICIPALIDAD PROVINCIAL DEL CUSCO
_cBIBLIOTECA MUNICIPAL DEL CUSCO
082 _aES / 498.323 /
_bC578
100 _aChuquimamani Valer, Nonato rufino
_930453
245 _aUnay Pachas... :
_bQuichwa Simipi qulla suyu jawariykuna /
260 _aCusco :
_bLibros peruanos,
_bNuestra biblioteca reforma educativa,
_c1995.
300 _a119 paginas ;
_bIlustraciones, Graficos, Dibujos,
_c25 cm.
500 _aCuentos educativos textos de trabajo
650 _aTexto educativo
_925832
650 _aLiteratura
_983
650 _aQuechua
_92063
700 _aLandolt, Gredna
_930454
700 _aTadokoro, Nobuko
_930455
942 _2ddc
_cLIBROS
945 _apjha
_d2019-04-09